A textbook of economic theory /

Saved in:
Bibliographic Details
Main Author: Stonier, Alfred W. (Alfred William), 1905-
Other Authors: Hague, Douglas Chalmers
Format: Book
Language:English
Published: [Harlow] : Longman, 1972.
Edition:4th ed.
Subjects:
LEADER 01189nam a2200337 a 4500
001 c000180527
003 CARM
005 19870923000000.0
008 830301s1972 enka b 001 0 eng d
015 |a B7308691 
019 1 |a 2612791  |z 27492937  |z 23858632  |z 54033952  |z 54435055  |z 57409128  |z 58086161  |5 LACONCORD2021 
020 |a 0582448557  |c £2.50 
020 |a 0582448549  |c £4.50 
035 |a (OCoLC)4619747  |5 LACONCORD2021 
040 |a VCAV  |b eng  |c VCAV  |d AIAC 
050 0 0 |a HB171 
082 0 4 |a 330.01 
082 0 4 |a 330/.1 
100 1 |a Stonier, Alfred W.  |q (Alfred William),  |d 1905- 
245 1 2 |a A textbook of economic theory /  |c Alfred W. Stonier, Douglas C. Hague. 
250 |a 4th ed. 
260 |a [Harlow] :  |b Longman,  |c 1972. 
300 |a xxii, 680 p. :  |b ill. ;  |c 24 cm. 
500 |a Previous ed. 1964. 
500 |a Includes index. 
504 |a Includes bibliographies. 
650 0 |a Economics. 
700 1 |a Hague, Douglas Chalmers. 
852 8 |b CARM  |h A2:AO22E0  |i C06992  |p 0243132  |f BK 
999 f f |i d321066e-cf02-537c-afb4-d195dfb33358  |s fab47221-1b3f-5f36-939f-ae547b340525 
952 f f |p Can circulate  |a CAVAL  |b CAVAL  |c CAVAL  |d CARM 1 Store  |e C06992  |f A2:AO22E0  |h Other scheme  |i book  |m 0243132